Marvel Cinematic Universe Actors by Picture - Statistics

General Stats
  • This quiz has been taken 451 times
    275 since last reset
  • The average score is 57 of 456
Answer Stats
Picture Hint Answer % Correct
Tony Stark (Iron Man) Robert Downey Jr.
96%
Stan Lee Stan Lee
91%
Nick Fury Samuel L. Jackson
78%
Pepper Potts (Rescue) Gwyneth Paltrow
75%
Natasha Romanoff (Black Widow) Scarlett Johansson
72%
Thor Odinson / Throg Chris Hemsworth
70%
Jane Foster (Mighty Thor) Natalie Portman
65%
Loki Laufeyson Tom Hiddleston
65%
Peter Parker (Spider-Man) Tom Holland
65%
Steve Rogers (Captain America) Chris Evans
64%
Clint Barton (Hawkeye) (Ronin) Jeremy Renner
63%
Stephen Strange (Doctor Strange) / Dormammu Benedict Cumberbatch
61%
Peter Quill (Star-Lord) Chris Pratt
61%
Groot Vin Diesel
61%
J.A.R.V.I.S. / Vision Paul Bettany
60%
Heimdall Idris Elba
59%
Bruce Banner (Hulk) Mark Ruffalo
59%
Michelle Jones "MJ" Zendaya
59%
Scott Lang (Ant-Man) Paul Rudd
58%
Rocket Raccoon Bradley Cooper
57%
Wanda Maximoff (Scarlet Witch) Elizabeth Olsen
57%
T'Challa (Black Panther) Chadwick Boseman
56%
Bucky Barnes (Winter Soldier) Sebastian Stan
56%
Gamora Zoe Saldaña
53%
James Rhodes (War Machine) Don Cheadle
52%
Bruce Banner (Hulk) Edward Norton
52%
N'Jadaka "Erik Stevens" (Killmonger) Michael B. Jordan
52%
Drax Dave Bautista
51%
Peter Parker (Spider-Man) Andrew Garfield
50%
Carol Denvers "Vers" (Captain Marvel) Brie Larson
49%
Eros (Starfox) Harry Styles
49%
Obadiah Stane (Iron Monger) Jeff Bridges
49%
Stakar Ogord Sylvester Stallone
49%
Sam Wilson (Falcon) (Captain America) Anthony Mackie
48%
Happy Hogan Jon Favreau
48%
Peter Parker (Spider-Man) Tobey Maguire
48%
Odin Borson Anthony Hopkins
46%
Quentin Beck (Mysterio) Jake Gyllenhaal
44%
Thena Angelina Jolie
42%
Thanos Josh Brolin
42%
Mainframe Miley Cyrus
42%
Mobius Owen Wilson
42%
Grandmaster Jeff Goldblum
41%
Wong Benedict Wong
40%
Max Dillon (Electro) Jamie Foxx
40%
Adrian Toomes (Vulture) Michael Keaton
40%
Trevor Slaterry "Mandarin" Ben Kingsley
39%
Hela Cate Blanchett
39%
Erik Selvig Stellan Skarsgård
39%
Pietro Maximoff (Quicksilver) Aaron Taylor-Johnson
38%
Alexander Pierce Robert Redford
37%
James Rhodes Terrence Howard
37%
The Ancient One Tilda Swinton
37%
Eddie Brock (Venom) Tom Hardy
37%
Chester Phillips Tommy Lee Jones
37%
Hope Van Dyne (Wasp) Evangeline Lilly
36%
Yelena Belova (Black Widow) Florence Pugh
36%
Nebula Karen Gillan
36%
Marc Spector (Moon Knight) / Steven Grant (Mr. Knight) / Jake Lockley Oscar Isaac
36%
Abraham Erskine Stanley Tucci
36%
Hank Pym Michael Douglas
35%
Ajak Salma Hayek
34%
Norman Osborn (Green Goblin) Willem Dafoe
34%
Gorr Christian Bale
33%
Ego Kurt Russell
33%
Peggy Carter (Captain Carter) Hayley Atwell
32%
Yon-Rogg Jude Law
32%
Eitri Peter Dinklage
32%
Betty Ross Liv Tyler
31%
Everett Ross Martin Freeman
31%
Ivan Vanko (Whiplash) Mickey Rourke
31%
Ulysses Klaue (Klaw) Andy Serkis
30%
Maria Hill Cobie Smulders
30%
Bill Foster Laurence Fishburne
30%
Christine Palmer Rachel McAdams
30%
Zuri Forest Whitaker
29%
Korg Taika Waititi
29%
Emil Blonsky (Abomination) Tim Roth
29%
J. J. Jameson J. K. Simmons
28%
May Parker Marisa Tomei
28%
Brunnhilde (Scrapper 142) (Valkyrie) Tessa Thompson
28%
Taneleer Tivan (The Collector) Benicio del Toro
27%
Phil Coulson Clark Gregg
27%
Aaron Davis Donald Glover
27%
Kaecilius Mads Mikkelsen
27%
Janet Van Dyne Michelle Pfeiffer
27%
Charles Xavier (Professor X) Patrick Stewart
27%
Reed Richards (Mister Fantastic) John Krasinski
26%
Kro Bill Skarsgård
25%
Alexei Shostakov (Red Guardian) David Harbour
25%
Johann Schmidt (Red Skull) Hugo Weaving
25%
Ultron James Spader
25%
Shuri Letitia Wright
25%
Nakia Lupita Nyong'o
25%
Luis Michael Peña
25%
Mantis Pom Klementieff
25%
Zeus Russell Crowe
25%
Arthur Harrow Ethan Hawke
24%
Ralph Bohner "Pietro Maximoff" Evan Peters
24%
Aleta Ogord / Ying Nan Michelle Yeoh
24%
Ramonda Angela Bassett
23%
Helmut Zemo (Baron Zemo) Daniel Brühl
23%
Kate Bishop (Hawkeye)) Hailee Steinfeld
23%
Rhomann Dey John C. Reilly
23%
Agatha Harkness (Agnes) Kathryn Hahn
23%
Ikaris Richard Madden
23%
Kraglin Obfonteri Sean Gunn
23%
Thaddeus Ross "Thunderbolt Ross" William Hurt
23%
He Who Remains Jonathan Majors
21%
Dane Whitman Kit Harington
21%
Megan Thee Stallion Megan Thee Stallion
21%
Arnin Zola Tobi Jones
21%
W'Kabi Daniel Kaluuya
20%
Ned Leeds Jacob Batalon
20%
Darcy Lewis Kat Dennings
20%
Yondu Udonta Michael Rooker
20%
Justin Hammer Sam Rockwell
20%
Shang-Chi Simu Liu
20%
Leonard Samson Ty Burrell
20%
Karl Mordo (Baron Mordo) Chiwetel Ejiofor
19%
Irani Rael (Nova Prime) Gleen Close
19%
Laura Barton Linda Cardellini
19%
Blade Mahershala Ali
19%
Otto Octavius (Doctor Octopus) Alfred Molina
18%
Katy Awkwafina
18%
Aldrich Killian Guy Pearce
18%
Karen Jennifer Connelly
18%
Skurge Karl Urban
18%
John Walker (Captains America) (U.S. Agent) Wyatt Russell
18%
Fandral Zachary Levi
18%
Theo Broussard Joe Russo
17%
Frigga Rene Russo
17%
Clea Charlize Theron
16%
Brock Rumlow (Crossbones) Frank Grillo
16%
Minn-Erva / Sersi Gemma Chan
16%
Druig Barry Keoghan
15%
Malekith Christopher Eccleston
15%
Okoye Danai Gurira
15%
Howard Stark Dominic Cooper
15%
Lorraine Natalie Dormer
15%
Jimmy Woo Randall Park
15%
Melina Vostokoff (Black Widow) Rachel Weisz
13%
Curt Connors (Lizard) Rhys Ifans
13%
Howard The Duck Seth Green
13%
Sonny Burch Walton Goggins
13%
M'Baku Winston Duke
13%
Ayesha Elizabeth Debicki
12%
Sharon Carter (Agent 13) (Power Broker) Emily VanCamp
12%
Ronan Lee Pace
12%
Matt Murdock (Daredevil) Charlie Cox
11%
Julius Dell J. B. Smoove
11%
Valentina Allegra de Fontaine Julia Louis-Dreyfus
11%
Christine Everhart Leslie Bibb
11%
Griot Trevor Noah
11%
Flint Marko (Sandman) Thomas Haden Church
10%
Eugene "Flash" Thompson Tony Revolori
10%
Surtur Clancy Brown
8%
Darren Cross (Yellowjacket) Corey Stoll
8%
Georges Batroc Georges St-Pierre
8%
Sif Jaimie Alexander
8%
Uatu The Watcher Jeffrey Wright
8%
Kingo Kumail Nanjiani
8%
Antonia Dreykov (Taskmaster) Olga Kurylenko
8%
Pip Patton Oswalt
8%
Ho Yinsen Shaun Toub
8%
N'Jobu Sterling K. Brown
8%
Samuel Sterns Tim Blake Nelson
8%
Talos / Keller Ben Mendelsohn
7%
Phastos Brian Tyree Henry
7%
Richard Chris O'Dowd
7%
Kurt David Dastmalchian
7%
Timothy "Dum Dum" Dugan Neal McDonough
7%
Loki Laufeyson "Sylvie" Sophia Di Martino
7%
Eleanor Bishop Vera Farmiga
7%
Charlie-27 Ving Rhames
7%
Betty Brant Angourine Rice
6%
Jim Paxton Bobby Cannavale
6%
Laufey Colm Feore
6%
Joaquim Torres Danny Ramirez
6%
Senator Stern Garry Shandling
6%
Anton Mogart Gaspard Ulliel
6%
Coach Wilson Hannibal Buress
6%
Kamala Khan (Miss Marvel) Iman Vellani
6%
Connie Jenna Coleman
6%
Maggie Judy Greer
6%
Mac Gargan Michael Mando
6%
Volstagg Ray Stevenson
6%
Loki Laufeyson Richar E. Grant
6%
Jennifer Walters (She-Hulk) Tatiana Maslany
6%
Wilson Fisk (Kingpin) Vincent D'Onofrio
6%
Herman Schultz (Shocker) Bokeem Woodbine
5%
Konshu F. Murray Abraham
5%
Maria Rambeau (Captain Marvel) Lashana Lynch
5%
Roger Harrington Martin Starr
5%
Monica Rambeau "Geraldine" Teyonah Parris
5%
Mar-Vell "Wendy Lawson" / Supreme Intelligence Annette Bening
4%
Jonathan Pangborn Benjamin Bratt
4%
Raza Faran Tahir
4%
Ayo Florence Kasumba
4%
Jack Russell (Werewolf by Night) Gael García Bernal
4%
Ravonna Renslayer / Rebecca Tourminet Gugu Mbatha-Raw
4%
Ava Starr (Ghost) Hannah John-Kamen
4%
Hawley Jenny Agutter
4%
T'Chaka John Kani
4%
Fandral Josh Dallas
4%
Liz Toomes Laura Harrier
4%
Makkari Lauren Ridloff
4%
Jasper Sitwell Maximiliano Hernández
4%
Carina Ophelia Lovibond
4%
William Ginter Riva Peter Billingsley
4%
Garthan Saal Peter Serafinowicz
4%
Dreykov Ray Winstone
4%
Maya Hansen Rebecca Hall
4%
Heinz Kruger Richard Armitage
4%
Johann Schmidt (Red Skull) (Stonekeeper) Ross Marquand
4%
Miss Minutes Tara Strong
4%
Jack Duquesne (Swordsman) Tony Dalton
4%
Herley Keener Ty Simpkins
4%
Cassie Abby Ryder Fortson
3%
Algrim (Kurse) Adewale Akinnuoye-Agbaje
3%
Derek David Otunga
3%
Sharon Davis "Mrs. Hart" Debra Jo Rupp
3%
Gilgamesh Don Lee
3%
Mary MacPherran (Titania) Jameela Jamil
3%
Edwin Jarvis James D'Arcy
3%
F.R.I.D.A.Y. Kerry Condon
3%
Sprite Lia McHugh
3%
Dave T. I. Harris
3%
Miriam Sharpe Alfre Woodard
2%
Gabe Jones Derek Luke
2%
Karli Morgenthau Erin Kellyman
2%
Doris Toomes Garcelle Beauvais
2%
Akihiko Hiroyuki Sanada
2%
Tommy Maximoff (Speed) Jett Klyne
2%
Howard Stark John Slaterry
2%
Layla El-Faouly (Scarlet Scarab) May Calamawy
2%
Vice President Rodriguez Miguel Ferrer
2%
Gideon Malick Powers Boothe
2%
Ms. Warren Selenis Leyva
2%
Gale Wood Harris
2%
Klev Zach Cherry
2%
Abraham Abraham Attah
1%
Gary Adam Pally
1%
Monica Rambeau Akira Akbar
1%
Maya Lopez (Echo) Alaqua Cox
1%
The Other Alexis Denisof
1%
Eir Alice Krige
1%
Sadie Deever Alysia Reiner
1%
Blackagar Boltagon (Black Bolt) Anson Mount
1%
Taweret Antonia Salib
1%
T'Chaka Atandwa Kani
1%
Lila Barton Ava Russo
1%
Hercules Brett Goldstein
1%
Derek Bishop Brian d'Arcy James
1%
Jacques Dernier Bruno Ricci
1%
Proxima Midnight Carrie Coon
1%
Soh-Larr Chuku Modu
1%
Helen Cho Claudia Kim
1%
Lemar Hoskins (Battlestar) Clé Bennett
1%
Steve Denvers Colin Ford
1%
Korath Djimon Housou
1%
Razor Fist Florian Munteanu
1%
Kazimierz Kazimierczak "Kazi" Fra Fee
1%
Nikki Ramos Ginger Gonzaga
1%
Karun Harish Patel
1%
Verussa Bloodstone Harriet Sansom Harris
1%
Loki Laufeyson Jack Veal
1%
Eric Savin James Dale
1%
James Montgomery Falsworth JJ Feild
1%
Jason Ionello Jorge Lendeborg
1%
Augustus "Pug" Pugliese Josh Segarra
1%
Tyler Hayward Josh Stamberg
1%
Billy Maximoff (Wiccan) Julian Hilliard
1%
Madame B. Julie Delpy
1%
Jim Morita / Principal Morita Kenneth Choi
1%
Elsa Bloodstone Laura Donnelly
1%
Meredith Quill Laura Haddock
1%
Morgan Stark Lexi Rabe
1%
Gilmore Hodge Lex Shrapnel
1%
Jackson Brice (Shocker) Logan Marshall-Green
1%
Mitchell Carson Martin Donovan
1%
Bruno Carrelli Matt Lintz
1%
Senator Brandt Michael Brandon
1%
Phineas Mason Michael Chernus
1%
Martinex Michael Rosenbaum
1%
Nicodemus West Michael Stuhlbarg
1%
Rick Mason O-T Fagbenle
1%
Joe Greller Peter Mensah
1%
Tomas Delgado Piotr Adamczyk
1%
Topaz Rachel House
1%
Brad Davis Remy Hii
1%
Jon Jon Ronny Chieng
1%
Bron-Char Rune Temte
1%
Hunter C-20 Sasha Lane
1%
Lucian Scott Adkins
1%
Armand Duquesne III Simon Callow
1%
Xoliswa Sydelle Noel
1%
Cull Obsidian Terry Notary
1%
Baron Wolfgang Von Strucker (Baron Strucker) Thomas Kretschmann
1%
Cindy Tiffany Espensen
1%
Wenwu (Mandarim) Tony Leung
1%
Anne Marie Hoag Tyne Daly
1%
President Ellis William Sadler
1%
Hunter B-15 Wunmi Mosaku
1%
William Lopez Zach McClarnon
1%
Fariha Adako Ononogbo
0%
Rintrah Adam Hugill
0%
Missy Adelle Drahos
0%
Sarah Wilson Adepero Oduye
0%
Wendy Adetinpo Thomas
0%
Bast Akosia Sabet
0%
Ivan Banionis Aleks Paunoviv
0%
Att-Lass Algenis Pérez Soto
0%
Christina Raynor Amy Aquino
0%
Death Dealer Andy Le
0%
Bobbi Kennedy Ann Akinjirin
0%
Kareem (Red Dagger) Aramis Knight
0%
P. Cleary Arian Moayed
0%
Taggart Ashley Hamilton
0%
Abilash Tandon "Norm" Asif Ali
0%
Cooper Barton Ben Sakamoto
0%
Eugene Patilio (Leap-Frog) Brandon Stanley
0%
Nathaniel Barton Cade Woodward
0%
Jack Rollins Callan Mulvey
0%
Ted (Man-Thing) Carey Jones
0%
Isaiah Bradley Carl Lumbly
0%
Taserface Chris Sullivan
0%
Kathleen Sparr Christina Cabot
0%
Randy Christopher Berry
0%
Grills Clayton English
0%
Tyr Clive Russell
0%
Mrs. Davis Dale Dickey
0%
Darryl Jacobson Daley Pearson
0%
Ruihua Dallas Liu
0%
Thanos Damion Poitier
0%
Gigi Dani Deetté
0%
Barasso Daniel J. Watts
0%
Billy Fitzgerald David Ganly
0%
Arishem the Judge David Kaye
0%
Harold Proctor "Phil Jones" David Lengel
0%
Craig Hollis (Mr. Immortal) David Pasquesi
0%
John Collins "Herb" David Payton
0%
Martina Débora Nascimento
0%
Loki Laufeyson DeObia Oparei
0%
Dovich Desmond Chiam
0%
Yatzil Díana Bermudez
0%
Uzman Dician Ladwa
0%
Dennis Bukowski Drew Matthews
0%
Eli Bradley Elijah Richardson
0%
Sarah Proctor "Dottie Jones" Emma Ford
0%
Cassie Lang Emma Fuhrmann
0%
Casey Eugene Cordero
0%
Azarel Eugenie Bondurant
0%
Retch Evan Jones
0%
Ying Li Fala Chen
0%
Waleed Farhan Akhtar
0%
Hasan Fawad Khan
0%
Wendy Spector Fernanda Andrade
0%
Detective Rivera Franco Castan
0%
Todd Davis "Arthur Hart" Fred Melamed
0%
Olivia Walker Gabrielle Byndloss
0%
Vasily Karpov Gene Farber
0%
Anitolov Goran Kostić
0%
Dale Gregg Turkington
0%
Luke Jacobson Griffin Matthews
0%
Janet Van Dyne Hayley Lovitt
0%
Mr. Delmar Hemky Madera
0%
Dr. List Henry Goodman
0%
Maria Stark Hope Davis
0%
Iryna Maximoff Ilana Kohanchi
0%
DeeDee Indya Bussey
0%
Detective Claude Ivan Mbakop
0%
Helen Jade Xu
0%
Nomble Janeshia Adams-Ginyard
0%
Georgi Luchkov Jerzy Skolimowski
0%
Half-Nut Jimmy Urine
0%
Oblo Joe Fria
0%
Isabel Matsueda "Beverly" Jolene Purdy
0%
Rapu Jonathan Brugh
0%
Ian Boothby Jonathan Howard
0%
Todd Phelps (HulkKing) Jon Bass
0%
Porcupine Jordan Aaron Ford
0%
Gabe Wilson Jordan Firstman
0%
El Águila Joseph Castillo-Midyett
0%
Steven Grant Joseph Millson
0%
Thunderball Justin Eaton
0%
Yori Nakajima Ken Takemoto
0%
Selim Khalid Abdalla
0%
Axl Kieron L. Dyer
0%
Jovan Kirk R. Thatcher
0%
Sheikh Abdullah Laith Nakli
0%
Zoe Zimmer Laurel Marsden
0%
Liorn Leonardo Nam
0%
Cornelius P. Willows Leon Lamar
0%
Bek Loic Mabanza
0%
Donna Lucy Thackeray
0%
Daniel Drumm Mark Anthony Brighton
0%
Morris Walters Mark Linn-Baker
0%
Xu Xialing Megn'er Zhang
0%
Aisha Mehwish Hayat
0%
Elihas Starr Michael Cerveris
0%
Corvus Glaive Michael James Shaw
0%
Oksana Michelle Lee
0%
Scrote Mike Escamilla
0%
Yusuf Khan Mohan Kapur
0%
Ingrid (Black Widow) Nanna Blondell
0%
Man-Bull Nathan Hurd
0%
Matias Ness Bautista
0%
Ched Nicholas Cirillo
0%
Wrecker Nick Gomez
0%
Najma Nimra Bucha
0%
Nico Noah Mills
0%
Dimitri Numan Acar
0%
Ursa Major Olivier Richters
0%
Wilfred Nagel Olli Haaskivi
0%
Lulu Patti Harrison
0%
Madisynn King Patty Guggenheim
0%
Runa Peg O'Keef
0%
Mallory Book Renée Elise Goldsberry
0%
Lennox Renes Rivera
0%
Elias Spector Rey Lucas
0%
Donny Blaze Rhys Coiro
0%
Catherine Starr Riann Steele
0%
Kamran Rish Shah
0%
Knox Rob Archer
0%
Orville Robert Walker-Branchaud
0%
Aamir Khan Saagar Shaikh
0%
Ammit Saba Mubarak
0%
Sana Samina Ahmad
0%
Stoltz Sean Kleier
0%
Soren Sharon Blynn
0%
Sarah Sheila Atim
0%
Dionysus Simon Russell Beale
0%
Ellen Brandt Stéphanie Szostak
0%
Brahl Stephen Blackehart
0%
Gef Steve Agee
0%
Hogun Tadanobu Asano
0%
Narblik Terence Rosemore
0%
Saracen Terrence Clowe
0%
Elaine Walters Tess Malis Kincaid
0%
Daniel Gooobler Tim Heidecker
0%
Tullk Tommy Flanagan
0%
Horuz Tom Proctor
0%
Ebony Maw Tom Vaughan-Lawlor
0%
Bor Burison Tony Curran
0%
Hamir Topo Wresniwiro
0%
Tyesha Hillman Travina Springer
0%
Josh Miller Trevor Salter
0%
Donya Madani Veronica Falcón
0%
Torfan Vik Sahay
0%
Skaar Will Deusner
0%
Nakia Bahadir Yasmeen Fletcher
0%
Anton Vanko Yevgeni Lazarev
0%
Guang Bo Yuen Wah
0%
Muneeba Khan Zenobia Shroff
0%
Yama Zola Williams
0%
No matching quizzes found
Score Distribution
Percent of People with Each Score
Percentile by Number Answered
Your Score History
You have not taken this quiz since the last reset